Quantitative Struktur-Funktions-Korrelation an Biomembranen. /
Guardado en:
| Autor Principal: | |
|---|---|
| Formato: | Libro |
| Idioma: | English |
| Publicado: |
Stuttgart :
Portland-Oregon USA, G. Fischer,
1973.
|
| Etiquetas: |
Agregar Etiqueta
Sin Etiquetas, Sea el primero en etiquetar este registro!
|
| LEADER | 00495nam a22001455a 4500 | ||
|---|---|---|---|
| 001 | EEA.libagro000855 | ||
| 005 | 20191011111446.0 | ||
| 008 | 130809s1973####gw#a##########000#0#eng#d | ||
| 082 | 0 | 4 | |a 574.875 |
| 082 | 0 | 4 | |a 591.8734 |
| 100 | 1 | |a Plattner, Helmut. | |
| 245 | 1 | 0 | |a Quantitative Struktur-Funktions-Korrelation an Biomembranen. / |c Helmut Plattner. |
| 260 | |a Stuttgart : |b Portland-Oregon USA, G. Fischer, |c 1973. | ||
| 300 | |a 37 p. : |b ilus. ; |c 24 cm. | ||
| 859 | |a AR-BbBCA |b BIB. AGRONOMIA |h 574.875 |i P719 |p 1976/0022 | ||
